| 000 | 00977nam a2200265Ia 4500 | ||
|---|---|---|---|
| 008 | 180523s9999 xx 000 0 und d | ||
| 020 | _a0-8213-5823-5 | ||
| 050 | _aMAIN JF 1525.P67 | ||
| 050 | _b.K87 2004 | ||
| 100 | _aKusek, Jody Zall. | ||
| 245 | 0 | _aTen steps to a results-based monitoring and evaluation system : | |
| 245 | 2 | _ba handbook for development practitioners / | |
| 245 | 0 | _cJody Zall Kusek and Ray C. Rist. | |
| 260 | _aWashington D.C. : | ||
| 260 | _bWorld Bank, | ||
| 260 | _c2004 | ||
| 300 | _a248 pages : | ||
| 300 | _billustrations ; | ||
| 300 | _c23 cm. | ||
| 500 | _aIncludes bibliographical references and index. | ||
| 650 | _aGovernment productivity -- Developing countries -- Evaluation. | ||
| 650 | _aTotal quality management in government -- Developing countries -- Evaluation. | ||
| 650 | _xPerformance standards -- Developing countries -- Evaluation. | ||
| 650 | _xPublic administration -- Developing countries -- Evaluation. | ||
| 999 |
_c357297 _d357297 |
||